00394nam a2200121Ia 4500008004100000024004300041082002000084100004500104245003900149260002500188600002100213650003800234250506s9999 xx 000 0 und d a10B-003-BS, 10B-24-BS & 10B-007-BS a004.6068072 OSA aOsama Alvi, Danish Amjad & Shahryar Khan 0aRemote Desktop Android (code book) aKarachi:bUIT,c2010 aComputer Science aBachelor of Computer Science (BS)